[Event "Vienna Chess Open 2016 Group A"]
[Site "Grosser Festsaal im Wiener Rathaus, 1010 Wien"]
[Date "2016.08.20"]
[Round "5"]
[Board "26"]
[White "Jethan, Martin"]
[Black "Neumeier, Klaus"]
[Result "1/2-1/2"]
[WhiteElo "2082"]
[BlackElo "2300"]
[PlyCount "141"]
[EventDate "2016.08.16"]
[EventRounds "9"]
[EventCountry "AUT"]

1.d4 Nf6 2.Bg5 c5 3.Bxf6 gxf6 4.d5 Qb6 5.Qc1 f5 6.c4 Bg7 7.Nc3 d6 8.e3 Nd7 9.Qc2 Qa5
10.Bd3 b5 11.cxb5 Nb6 12.Qd2 Bb7 13.Bxf5 Nc4 14.Qc2 Nxb2 15.Nge2 Na4 16.Rc1 Nxc3 17.Nxc3
Bxd5 18.O-O Bb7 19.Be4 Bxe4 20.Qxe4 O-O 21.Qc4 a6 22.a4 axb5 23.axb5 Rfb8 24.Nd5 Qd8
25.Rb1 Ra3 26.Qh4 Ra7 27.Rfc1 Rab7 28.g3 e6 29.Qxd8+ Rxd8 30.Nc3 Rdb8 31.Rb3 c4 32.Ra3
d5 33.Rb1 Kf8 34.Kf1 Ke7 35.Ke2 Bxc3 36.Rxc3 Rxb5 37.Rxb5 Rxb5 38.Rc2 Kd6 39.Ra2 Rb7
40.Kd2 Kc5 41.Kc2 Kb6 42.Rb2+ Kc6 43.Ra2 Kc5 44.g4 d4 45.exd4+ Kxd4 46.Ra8 Ke4 47.Rh8
Kf4 48.h3 f5 49.gxf5 Kxf5 50.Rc8 Ra7 51.Rxc4 Ra2+ 52.Kd3 Rxf2 53.Ke3 Rh2 54.Rh4 Kg6
55.Kf3 h5 56.Kg3 Re2 57.Ra4 Kg5 58.h4+ Kf5 59.Rf4+ Kg6 60.Rf8 Re3+ 61.Kg2 Re4 62.Kg3
Rg4+ 63.Kh3 e5 64.Rg8+ Kf5 65.Rh8 e4 66.Rxh5+ Kf4 67.Rg5 Rxg5 68.hxg5 e3 69.Kg2 e2
70.Kf2 Kxg5 71.Kxe2 1/2-1/2

[Event "Vienna Chess Open 2016 Group A"]
[Site "Grosser Festsaal im Wiener Rathaus, 1010 Wien"]
[Date "2016.08.20"]
[Round "5"]
[Board "27"]
[White "Formento, Paolo"]
[Black "Pisu, Robert-Daniel"]
[Result "1/2-1/2"]
[WhiteElo "2298"]
[BlackElo "2165"]
[PlyCount "42"]
[EventDate "2016.08.16"]
[EventRounds "9"]
[EventCountry "AUT"]

1.d4 Nf6 2.c4 c5 3.d5 b5 4.cxb5 a6 5.bxa6 g6 6.Nc3 Bg7 7.Nf3 O-O 8.e4 Qa5 9.Bd2 Bxa6
10.Bxa6 Qxa6 11.Qe2 e6 12.Qxa6 Nxa6 13.dxe6 fxe6 14.O-O d5 15.exd5 exd5 16.Rfe1 Rfb8
17.Bg5 Nb4 18.Rad1 d4 19.Bxf6 Bxf6 20.Ne4 Be7 21.Ned2 Bf8 1/2-1/2

[Event "Vienna Chess Open 2016 Group A"]
[Site "Grosser Festsaal im Wiener Rathaus, 1010 Wien"]
[Date "2016.08.20"]
[Round "5"]
[Board "28"]
[White "Sandhoefner, Florian"]
[Black "Yu, Jonathan"]
[Result "0-1"]
[WhiteElo "2290"]
[BlackElo "2106"]
[PlyCount "74"]
[EventDate "2016.08.16"]
[EventRounds "9"]
[EventCountry "AUT"]

1.c4 e6 2.d4 Nf6 3.Nc3 Bb4 4.e3 O-O 5.Nf3 b6 6.Bd3 Bb7 7.O-O d5 8.cxd5 exd5 9.Ne5
Nbd7 10.a3 Nxe5 11.dxe5 Bxc3 12.bxc3 Nd7 13.f4 Nc5 14.Be2 f6 15.exf6 Qxf6 16.Qc2 Rae8
17.Ra2 c6 18.Rd1 Bc8 19.c4 Bf5 20.Qd2 Ne4 21.Qe1 Nc3 22.Bb2 Rxe3 23.Bxc3 Rxc3 24.cxd5
cxd5 25.Bf3 d4 26.a4 Bg6 27.Rad2 d3 28.Qe5 Qxe5 29.fxe5 Kf7 30.a5 Ke6 31.axb6 axb6
32.Rb2 Rb8 33.Re1 h5 34.Bd1 b5 35.Bb3+ Rxb3 36.Rxb3 d2 37.Rf1 Bc2 0-1

[Event "Vienna Chess Open 2016 Group A"]
[Site "Grosser Festsaal im Wiener Rathaus, 1010 Wien"]
[Date "2016.08.20"]
[Round "5"]
[Board "29"]
[White "Prato , Simon "]
[Black "Barle, Janez"]
[Result "1/2-1/2"]
[WhiteElo "2000"]
[BlackElo "2289"]
[PlyCount "116"]
[EventDate "2016.08.16"]
[EventRounds "9"]
[EventCountry "AUT"]

1.e4 e5 2.Nf3 Nc6 3.Bb5 a6 4.Ba4 Nge7 5.Nc3 g6 6.d4 exd4 7.Nd5 Bg7 8.Bg5 h6 9.Bf6
Bxf6 10.Nxf6+ Kf8 11.Nxd4 Kg7 12.Ng4 d6 13.Ne3 Bd7 14.O-O Re8 15.c3 Nxd4 16.Qxd4+
f6 17.Rae1 Nc6 18.Bxc6 bxc6 19.f4 Qe7 20.e5 fxe5 21.fxe5 dxe5 22.Qe4 Rf8 23.Rxf8 Rxf8
24.Nc4 Qf7 25.Qxe5+ Kg8 26.Qc5 Qd5 27.Qxd5+ cxd5 28.Ne5 Bf5 29.Nf3 Rb8 30.Re2 Bg4
31.Kf2 Kg7 32.Rd2 Bxf3 33.Kxf3 Kf6 34.Rxd5 Rxb2 35.Ra5 Rb6 36.Rc5 c6 37.a4 Rb3 38.Ke4
Rb2 39.Rxc6+ Kf7 40.Kf3 a5 41.Rc5 Rc2 42.h4 Ra2 43.Rxa5 Ra3 44.g3 Rxc3+ 45.Kf4 h5
46.Ra8 Kf6 47.Ra6+ Kf7 48.a5 Ra3 49.Ke5 Rxg3 50.Ra7+ Ke8 51.a6 Ra3 52.Kf6 Kd8 53.Kxg6
Ra5 54.Kh6 Kc8 55.Ra8+ Kc7 56.Kg7 Kb6 57.Rf8 Ra4 58.Rf6+ Ka7 1/2-1/2

[Event "Vienna Chess Open 2016 Group A"]
[Site "Grosser Festsaal im Wiener Rathaus, 1010 Wien"]
[Date "2016.08.20"]
[Round "5"]
[Board "30"]
[White "Radionov, Timur"]
[Black "Longson, Sarah"]
[Result "1-0"]
[WhiteElo "2285"]
[BlackElo "2126"]
[PlyCount "91"]
[EventDate "2016.08.16"]
[EventRounds "9"]
[EventCountry "AUT"]

1.e4 e5 2.Nf3 Nc6 3.d4 exd4 4.Bc4 Nf6 5.e5 d5 6.Bb5 Ne4 7.Nxd4 Bc5 8.Be3 O-O 9.Nxc6
bxc6 10.Bxc5 Nxc5 11.Bxc6 Rb8 12.Qxd5 Qxd5 13.Bxd5 Rxb2 14.Na3 Ba6 15.O-O-O Rb4 16.Rhe1
Rfb8 17.Re3 Bb7 18.Bxb7 R4xb7 19.Rd5 Ne6 20.Rb3 g5 21.g3 Rxb3 22.axb3 Rb6 23.Nc4 Ra6
24.Kb2 g4 25.Ra5 Rxa5 26.Nxa5 Kf8 27.Kc3 Ke8 28.Kd3 Kd7 29.Ke4 h5 30.Nc4 Ke7 31.Ne3
Ng5+ 32.Kf5 Nf3 33.Nd5+ Kd8 34.Kf6 c6 35.Nf4 Ke8 36.Nxh5 Nxh2 37.Ng7+ Kf8 38.Nf5 Nf3
39.Ne3 c5 40.Nxg4 a5 41.e6 fxe6 42.Ne5 Nd4 43.Nd7+ Ke8 44.Nxc5 Nxc2 45.Kxe6 Nd4+ 46.Kf6 1-0

[Event "Vienna Chess Open 2016 Group A"]
[Site "Grosser Festsaal im Wiener Rathaus, 1010 Wien"]
[Date "2016.08.20"]
[Round "5"]
[Board "31"]
[White "Fauland, Alexander"]
[Black "Hovsepyan, Vardan"]
[Result "1-0"]
[WhiteElo "2431"]
[BlackElo "2173"]
[PlyCount "89"]
[EventDate "2016.08.16"]
[EventRounds "9"]
[EventCountry "AUT"]

1.c4 f5 2.d4 Nf6 3.Nc3 e6 4.e3 Bb4 5.Bd3 O-O 6.Nge2 d6 7.Qc2 Ng4 8.f3 Nh6 9.O-O c5
10.a3 Ba5 11.Rb1 Nc6 12.d5 Ne5 13.dxe6 Bxe6 14.Nf4 Bf7 15.b3 Qh4 16.Ncd5 Rae8 17.Rd1
Be1 18.Bb2 Bxd5 19.Nxd5 Ba5 20.Be2 Re6 21.Nf4 Nhg4 22.fxg4 Rh6 23.gxf5 Qxh2+ 24.Kf1
Bd8 25.Ke1 Bg5 26.Qe4 Rh4 27.Rxd6 Nf7 28.Rdd1 Qg3+ 29.Kd2 Bxf4 30.exf4 Rxf4 31.Qxb7
Rf2 32.Qe4 Ng5 33.Qd5+ Kh8 34.Be5 Qg4 35.Re1 Ne4+ 36.Kd3 Qg5 37.Kxe4 Qxf5+ 38.Ke3
Re8 39.Kd2 Qg5+ 40.Kc2 Rxg2 41.Rbd1 h6 42.Rd2 Rxe5 43.Qa8+ Kh7 44.Bd3+ g6 45.Rxg2 1-0

[Event "Vienna Chess Open 2016 Group A"]
[Site "Grosser Festsaal im Wiener Rathaus, 1010 Wien"]
[Date "2016.08.20"]
[Round "5"]
[Board "32"]
[White "Wozniak, Mariola"]
[Black "Sagar, Shah"]
[Result "1/2-1/2"]
[WhiteElo "2166"]
[BlackElo "2424"]
[PlyCount "36"]
[EventDate "2016.08.16"]
[EventRounds "9"]
[EventCountry "AUT"]

1.d4 d5 2.c4 e6 3.Nc3 Be7 4.Bf4 Nf6 5.e3 O-O 6.Nf3 b6 7.Qc2 c5 8.dxc5 bxc5 9.Be2 Nc6
10.O-O Nh5 11.Bg3 Nxg3 12.hxg3 d4 13.Rad1 f5 14.Rfe1 Bf6 15.exd4 cxd4 16.c5 Kh8 17.Qa4
Bb7 18.Nb5 e5 1/2-1/2

[Event "Vienna Chess Open 2016 Group A"]
[Site "Grosser Festsaal im Wiener Rathaus, 1010 Wien"]
[Date "2016.08.20"]
[Round "5"]
[Board "33"]
[White "Guido, Flavio"]
[Black "Kharmunova, Nadezhda"]
[Result "1-0"]
[WhiteElo "2370"]
[BlackElo "2180"]
[PlyCount "55"]
[EventDate "2016.08.16"]
[EventRounds "9"]
[EventCountry "AUT"]

1.e4 c5 2.Nf3 Nc6 3.c3 Nf6 4.e5 Nd5 5.Bc4 Nb6 6.Bb3 c4 7.Bc2 Qc7 8.Qe2 g6 9.Na3 Bg7
10.Nxc4 Nxc4 11.Qxc4 Bxe5 12.Nxe5 Qxe5+ 13.Qe4 Qxe4+ 14.Bxe4 d6 15.d4 Bf5 16.Bf3 h5
17.h3 O-O-O 18.O-O Rde8 19.Be3 Nb8 20.Rad1 Nd7 21.Rfe1 Nf6 22.Bg5 Kd7 23.Bxb7 Rb8
24.Bxf6 exf6 25.Bd5 Rxb2 26.Bxf7 Rc8 27.Re3 Rb1 28.Rxb1 1-0

[Event "Vienna Chess Open 2016 Group A"]
[Site "Grosser Festsaal im Wiener Rathaus, 1010 Wien"]
[Date "2016.08.20"]
[Round "5"]
[Board "34"]
[White "Leitner, Gerald"]
[Black "Singer, Christoph"]
[Result "0-1"]
[WhiteElo "2145"]
[BlackElo "2334"]
[PlyCount "60"]
[EventDate "2016.08.16"]
[EventRounds "9"]
[EventCountry "AUT"]

1.g3 d5 2.Nf3 Bg4 3.Bg2 Nd7 4.d3 Ngf6 5.O-O c6 6.Nbd2 e5 7.e4 dxe4 8.dxe4 Be7 9.h3
Bxf3 10.Qxf3 O-O 11.Qe2 Qc7 12.Nf3 Rfe8 13.Nh4 g6 14.Bh6 Bf8 15.Bxf8 Nxf8 16.c3 Ne6
17.Rad1 Rad8 18.Nf3 a5 19.Qe3 Kg7 20.Nh2 Qe7 21.Bf3 h5 22.h4 Qc5 23.Qe2 b5 24.Rxd8
Rxd8 25.Rd1 Rxd1+ 26.Qxd1 Qc4 27.Qd6 Qxa2 28.Qxe5 Qxb2 29.Nf1 b4 30.g4 Qxc3 0-1

[Event "Vienna Chess Open 2016 Group A"]
[Site "Grosser Festsaal im Wiener Rathaus, 1010 Wien"]
[Date "2016.08.20"]
[Round "5"]
[Board "35"]
[White "Wallner, Joachim"]
[Black "Higatsberger, Michael"]
[Result "1-0"]
[WhiteElo "2333"]
[BlackElo "2171"]
[PlyCount "85"]
[EventDate "2016.08.16"]
[EventRounds "9"]
[EventCountry "AUT"]

1.Nf3 d5 2.c4 c6 3.e3 Nf6 4.Nc3 Bg4 5.cxd5 Bxf3 6.Qxf3 cxd5 7.d4 Nc6 8.Bd3 e6 9.O-O
Bd6 10.Bd2 O-O 11.Qh3 Rc8 12.f4 Re8 13.g4 g6 14.Rf2 Bf8 15.Raf1 Bg7 16.Qg2 Rc7 17.Rf3
Rd7 18.Be1 a6 19.Bh4 Qc7 20.Rh3 b5 21.Bxf6 Bxf6 22.g5 Bh8 23.Nd1 Ne7 24.Nf2 Nf5 25.Ng4
Qd8 26.Qf2 f6 27.gxf6 Bxf6 28.Rc1 Bg7 29.Rc6 Rd6 30.Rc5 Qa5 31.a3 Qa4 32.Bc2 Qa5 33.Ne5
Bxe5 34.fxe5 Rd7 35.Bxf5 gxf5 36.Rg3+ Kh8 37.Kf1 Qa4 38.Qe2 Rf7 39.Qh5 Ref8 40.Kg2
Re7 41.Qh6 Ref7 42.Qxe6 f4 43.Qxf7 1-0

[Event "Vienna Chess Open 2016 Group A"]
[Site "Grosser Festsaal im Wiener Rathaus, 1010 Wien"]
[Date "2016.08.20"]
[Round "5"]
[Board "36"]
[White "Binder, Moriz"]
[Black "Lomineishvili, Maia"]
[Result "1/2-1/2"]
[WhiteElo "2143"]
[BlackElo "2331"]
[PlyCount "97"]
[EventDate "2016.08.16"]
[EventRounds "9"]
[EventCountry "AUT"]

1.d4 Nf6 2.c4 e6 3.Nc3 d5 4.cxd5 exd5 5.Bg5 Bb4 6.e3 h6 7.Bxf6 Qxf6 8.Qb3 Bxc3+ 9.bxc3
c6 10.Nf3 Nd7 11.c4 dxc4 12.Bxc4 Nb6 13.O-O Nxc4 14.Qxc4 O-O 15.Rab1 Rb8 16.a4 Be6
17.Qc3 Rfd8 18.Rfc1 Bd5 19.Nd2 Rd7 20.Qd3 Re8 21.Rb2 Qg5 22.Qf1 f5 23.Nc4 f4 24.Ne5
Rc7 25.Re1 Rf8 26.e4 Be6 27.Qd3 Rd8 28.Rd1 Qe7 29.Qc3 Kh7 30.Rbd2 Bg8 31.Qh3 Be6 32.Qc3
Bc8 33.a5 Re8 34.f3 c5 35.Rc1 b6 36.Nd3 Qg5 37.axb6 axb6 38.dxc5 Ba6 39.c6 Bxd3 40.Qxd3
Re6 41.Qd7 Qa5 42.Qd5 Qa3 43.Rcc2 Rg6 44.Qe5 Qe3+ 45.Kf1 Rcxc6 46.Rxc6 Qxd2 47.Rxg6
Qd1+ 48.Kf2 Qd2+ 49.Kf1 1/2-1/2

[Event "Vienna Chess Open 2016 Group A"]
[Site "Grosser Festsaal im Wiener Rathaus, 1010 Wien"]
[Date "2016.08.20"]
[Round "6"]
[Board "1"]
[White "Buhmann, Rainer"]
[Black "Ragger, Markus"]
[Result "1/2-1/2"]
[WhiteElo "2641"]
[BlackElo "2686"]
[PlyCount "41"]
[EventDate "2016.08.16"]
[EventRounds "9"]
[EventCountry "AUT"]

1.Nf3 d5 2.d4 c6 3.c4 Nf6 4.e3 g6 5.Nc3 Bg7 6.Be2 O-O 7.O-O dxc4 8.Bxc4 Bg4 9.h3 Bxf3
10.Qxf3 Nbd7 11.Rd1 e5 12.d5 e4 13.Nxe4 Nxe4 14.Qxe4 Nb6 15.Bb3 cxd5 16.Bxd5 Nxd5
17.Rxd5 Qb6 18.Qd3 Rfd8 19.e4 Bd4 20.Be3 Bxe3 21.fxe3 1/2-1/2

[Event "Vienna Chess Open 2016 Group A"]
[Site "Grosser Festsaal im Wiener Rathaus, 1010 Wien"]
[Date "2016.08.20"]
[Round "6"]
[Board "2"]
[White "Rathnakaran, Kantholi"]
[Black "Mastrovasilis, Dimitrios"]
[Result "1/2-1/2"]
[WhiteElo "2452"]
[BlackElo "2603"]
[PlyCount "89"]
[EventDate "2016.08.16"]
[EventRounds "9"]
[EventCountry "AUT"]

1.e4 e5 2.Nf3 Nc6 3.Bc4 Nf6 4.d3 Bc5 5.c3 d6 6.Bb3 Bb6 7.Bg5 h6 8.Bh4 g5 9.Bg3 Ne7
10.Nbd2 Ng6 11.Nc4 Be6 12.Nxb6 Bxb3 13.Qxb3 axb6 14.h4 Nh5 15.hxg5 hxg5 16.O-O-O Qe7
17.Nd2 O-O-O 18.Nc4 Nhf4 19.Rxh8 Rxh8 20.a4 Qd7 21.Ne3 Kb8 22.Kc2 Ne6 23.Ra1 Nc5 24.Qc4
Nf4 25.a5 b5 26.Qa2 Ncxd3 27.Bxf4 exf4 28.a6 fxe3 29.axb7 Nb4+ 30.cxb4 Qc6+ 31.Kd3
Qxb7 32.f3 g4 33.Qxf7 gxf3 34.gxf3 d5 35.Qxd5 Qxd5+ 36.exd5 Rh4 37.Kxe3 Rxb4 38.f4
Kc8 39.f5 Kd7 40.f6 Rb3+ 41.Kd4 Rxb2 42.Re1 b4 43.Re7+ Kd6 44.Re6+ Kd7 45.Re7+ 1/2-1/2

[Event "Vienna Chess Open 2016 Group A"]
[Site "Grosser Festsaal im Wiener Rathaus, 1010 Wien"]
[Date "2016.08.20"]
[Round "6"]
[Board "3"]
[White "Froewis, Georg"]
[Black "Shengelia, David"]
[Result "1/2-1/2"]
[WhiteElo "2449"]
[BlackElo "2572"]
[PlyCount "172"]
[EventDate "2016.08.16"]
[EventRounds "9"]
[EventCountry "AUT"]

1.Nf3 Nf6 2.c4 b6 3.g3 Bb7 4.Bg2 c5 5.O-O e6 6.Nc3 Be7 7.Re1 Ne4 8.Nxe4 Bxe4 9.d3
Bb7 10.e4 O-O 11.d4 d6 12.Bd2 Nd7 13.Bc3 Re8 14.Qc2 Qc7 15.b3 a6 16.Rad1 Rad8 17.d5
Bf6 18.Bh3 Bxc3 19.Qxc3 exd5 20.exd5 Bc8 21.Rxe8+ Rxe8 22.Re1 Qd8 23.Kg2 Nf6 24.Rxe8+
Qxe8 25.Bxc8 Qxc8 26.Qe3 Qd7 27.a4 h6 28.h3 b5 29.axb5 axb5 30.Nd2 bxc4 31.bxc4 Qf5
32.Qb3 Qe5 33.Qb8+ Kh7 34.Qb1+ g6 35.Qd3 Kg7 36.Qf3 Qd4 37.Qe2 Qc3 38.Nb1 Qb3 39.Nd2
Qb2 40.Qe3 Qc2 41.Qe2 Nd7 42.f4 Nf6 43.Kf3 h5 44.Qe3 Qc1 45.Qe2 h4 46.g4 Qa1 47.Qf2
Qc3+ 48.Qe3 Qc1 49.Qe2 Qh1+ 50.Qg2 Qd1+ 51.Qe2 Qc1 52.Qf2 Qc2 53.Qe2 g5 54.fxg5 Nd7
55.Kf2 Ne5 56.Nf3 Qc3 57.Nxe5 Qg3+ 58.Kf1 dxe5 59.d6 Qxh3+ 60.Kg1 Qg3+ 61.Kh1 Qh3+
62.Kg1 Qg3+ 63.Kh1 Kf8 64.g6 Qh3+ 65.Kg1 Qg3+ 66.Kh1 fxg6 67.Qe4 Qh3+ 68.Kg1 Qg3+
69.Kh1 h3 70.d7 Ke7 71.Qd5 Qg2+ 72.Qxg2 hxg2+ 73.Kxg2 Kxd7 74.Kf3 Ke6 75.Ke4 Kf6 76.Kd5
Kg5 77.Kxe5 Kxg4 78.Kd5 g5 79.Kxc5 Kf4 80.Kd6 g4 81.c5 g3 82.c6 g2 83.c7 g1=Q 84.c8=Q
Qd4+ 85.Kc7 Qc5+ 86.Kb8 Qxc8+ 1/2-1/2

[Event "Vienna Chess Open 2016 Group A"]
[Site "Grosser Festsaal im Wiener Rathaus, 1010 Wien"]
[Date "2016.08.20"]
[Round "6"]
[Board "4"]
[White "Schreiner, Peter"]
[Black "Vorobiov, Evgeny"]
[Result "1/2-1/2"]
[WhiteElo "2445"]
[BlackElo "2586"]
[PlyCount "22"]
[EventDate "2016.08.16"]
[EventRounds "9"]
[EventCountry "AUT"]

1.Nf3 Nf6 2.g3 d5 3.Bg2 c5 4.O-O e6 5.d4 cxd4 6.Nxd4 e5 7.Nb3 Be6 8.c4 Nc6 9.cxd5
Bxd5 10.Bg5 Bxg2 11.Qxd8+ Rxd8 1/2-1/2

[Event "Vienna Chess Open 2016 Group A"]
[Site "Grosser Festsaal im Wiener Rathaus, 1010 Wien"]
[Date "2016.08.20"]
[Round "6"]
[Board "5"]
[White "Burmakin, Vladimir"]
[Black "Sindarov, Javokhir"]
[Result "1/2-1/2"]
[WhiteElo "2553"]
[BlackElo "2374"]
[PlyCount "64"]
[EventDate "2016.08.16"]
[EventRounds "9"]
[EventCountry "AUT"]

1.Nf3 Nf6 2.g3 g6 3.b3 Bg7 4.Bb2 O-O 5.Bg2 d6 6.d4 Nbd7 7.O-O c6 8.Re1 e5 9.dxe5 dxe5
10.e4 Qc7 11.Ba3 Re8 12.Bd6 Qd8 13.Nbd2 b5 14.a4 Bb7 15.c4 bxa4 16.c5 Bf8 17.Bxf8
Rxf8 18.b4 a5 19.Qxa4 axb4 20.Qxb4 Ba6 21.Qc3 Qe7 22.Nb3 Bb5 23.Nfd2 Rfd8 24.Rec1
Nf8 25.Bf1 Rab8 26.Bxb5 Rxb5 27.Ra6 Qb7 28.Rca1 N6d7 29.Ra7 Qb8 30.R7a6 Qb7 31.Ra7
Qb8 32.R7a6 Qb7 1/2-1/2

[Event "Vienna Chess Open 2016 Group A"]
[Site "Grosser Festsaal im Wiener Rathaus, 1010 Wien"]
[Date "2016.08.20"]
[Round "6"]
[Board "6"]
[White "Miedema, David"]
[Black "Ponizil , Cyril "]
[Result "1/2-1/2"]
[WhiteElo "2368"]
[BlackElo "2510"]
[PlyCount "110"]
[EventDate "2016.08.16"]
[EventRounds "9"]
[EventCountry "AUT"]

1.d4 Nf6 2.c4 e6 3.Nf3 b6 4.g3 Ba6 5.Qb3 d5 6.cxd5 exd5 7.Bg2 Bd6 8.Nc3 c6 9.O-O O-O
10.Re1 Nbd7 11.e4 Nxe4 12.Nxe4 dxe4 13.Rxe4 Nf6 14.Bg5 Bb7 15.Ne5 Be7 16.Bxf6 Bxf6
17.Rf4 Qd6 18.Rc1 Rac8 19.h4 Rc7 20.Qe3 Re8 21.Re4 Rce7 22.Nxc6 Rxe4 23.Bxe4 Kf8 24.Ne5
Bxe5 25.dxe5 Rxe5 26.Qd3 Qxd3 27.Bxd3 Bf3 28.Bf1 g6 29.Bg2 Bxg2 30.Kxg2 Re2 31.Rb1
Rc2 32.a4 Kg7 33.Kf3 Kf6 34.b3 Kf5 35.Rd1 Rc3+ 36.Ke2 Ke6 37.Rb1 Rc2+ 38.Ke3 h5 39.Kf3
Rc3+ 40.Kf4 Kf6 41.Rb2 a6 42.Ke4 g5 43.hxg5+ Kxg5 44.Kd4 Rf3 45.Kd5 Rc3 46.Kd4 Rc6
47.b4 b5 48.axb5 axb5 49.Ke3 Rc3+ 50.Ke2 f5 51.Kf1 h4 52.gxh4+ Kxh4 53.Rd2 f4 54.Rd5
Kg4 55.Kg2 f3+ 1/2-1/2

[Event "Vienna Chess Open 2016 Group A"]
[Site "Grosser Festsaal im Wiener Rathaus, 1010 Wien"]
[Date "2016.08.20"]
[Round "6"]
[Board "7"]
[White "Manolache, Marius"]
[Black "Schwabeneder, Florian"]
[Result "1-0"]
[WhiteElo "2492"]
[BlackElo "2369"]
[PlyCount "111"]
[EventDate "2016.08.16"]
[EventRounds "9"]
[EventCountry "AUT"]

1.d4 Nf6 2.c4 c5 3.d5 e5 4.Nc3 d6 5.e4 Be7 6.g3 Nbd7 7.h4 a6 8.a4 b6 9.Bd3 Rb8 10.Kf1
O-O 11.Kg2 Ne8 12.Nh3 Ndf6 13.Qe2 Nc7 14.Bd2 Bd7 15.f3 Qe8 16.Nf2 b5 17.axb5 axb5
18.b3 bxc4 19.bxc4 Ra8 20.f4 Rxa1 21.Rxa1 h6 22.fxe5 dxe5 23.Ncd1 Bd6 24.Ne3 Qe7 25.Bc2
Ra8 26.Rxa8+ Nxa8 27.Qd1 Qe8 28.Qa1 Nc7 29.Bc3 h5 30.Bd1 g6 31.Qa7 Qa8 32.Qb6 Nfe8
33.Qb2 f6 34.g4 hxg4 35.Nexg4 Qd8 36.Qe2 Qe7 37.Qf3 Qg7 38.Qg3 Kf8 39.Bd2 Ke7 40.Nd3
Kd8 41.Be3 Na6 42.Qf2 f5 43.Bh6 Qh8 44.Bg5+ Kc8 45.Qa2 Nac7 46.Ngf2 Nf6 47.Qa7 Qf8
48.Bxf6 Qxf6 49.Nxc5 Bxc5 50.Qxc5 Kd8 51.Qb4 Qxh4 52.Qb8+ Bc8 53.Qb6 Qg5+ 54.Kf1 Ba6
55.d6 Bxc4+ 56.Ke1 1-0

[Event "Vienna Chess Open 2016 Group A"]
[Site "Grosser Festsaal im Wiener Rathaus, 1010 Wien"]
[Date "2016.08.20"]
[Round "6"]
[Board "8"]
[White "Nitin, Senthilvel"]
[Black "Leenhouts, Koen"]
[Result "1/2-1/2"]
[WhiteElo "2398"]
[BlackElo "2491"]
[PlyCount "53"]
[EventDate "2016.08.16"]
[EventRounds "9"]
[EventCountry "AUT"]

1.e4 c5 2.Nf3 e6 3.d4 cxd4 4.Nxd4 Nc6 5.Nc3 Qc7 6.Be3 a6 7.Qf3 d6 8.O-O-O Bd7 9.Qg3
Rc8 10.Kb1 Nf6 11.Bd3 b5 12.Bxb5 axb5 13.Ndxb5 Qb8 14.Nxd6+ Bxd6 15.Qxd6 Qxd6 16.Rxd6
Ne5 17.f3 O-O 18.Rhd1 Nc4 19.R6d3 Rb8 20.b3 Rfc8 21.Bf4 Rb7 22.e5 Nd5 23.Nxd5 Na3+
24.Kb2 Rxc2+ 25.Kxa3 Ra7+ 26.Kb4 Rb7+ 27.Ka3 1/2-1/2

[Event "Vienna Chess Open 2016 Group A"]
[Site "Grosser Festsaal im Wiener Rathaus, 1010 Wien"]
[Date "2016.08.20"]
[Round "6"]
[Board "9"]
[White "Hertneck, Gerald"]
[Black "Pirrot, Dieter"]
[Result "1/2-1/2"]
[WhiteElo "2469"]
[BlackElo "2367"]
[PlyCount "61"]
[EventDate "2016.08.16"]
[EventRounds "9"]
[EventCountry "AUT"]

1.d4 d5 2.c4 dxc4 3.e3 e5 4.Bxc4 exd4 5.exd4 Bd6 6.Nf3 Nf6 7.O-O O-O 8.h3 Nc6 9.Nc3
h6 10.Re1 Bf5 11.d5 Na5 12.Bf1 c6 13.Nd4 Bd7 14.dxc6 Nxc6 15.Ndb5 Bb8 16.Be3 a6 17.Na3
b5 18.Nc2 Bf5 19.Nd4 Nxd4 20.Qxd4 Qc7 21.g3 Ba7 22.Qh4 Rae8 23.Bxa7 Qxa7 24.a4 Rxe1
25.Rxe1 bxa4 26.Qxa4 Qb6 27.Qa3 Rb8 28.Nd1 Qb4 29.Qxb4 Rxb4 30.Ne3 Be6 31.Ra1 1/2-1/2

[Event "Vienna Chess Open 2016 Group A"]
[Site "Grosser Festsaal im Wiener Rathaus, 1010 Wien"]
[Date "2016.08.20"]
[Round "6"]
[Board "10"]
[White "Foisor, Cristina"]
[Black "Arkell, Keith"]
[Result "0-1"]
[WhiteElo "2351"]
[BlackElo "2464"]
[PlyCount "160"]
[EventDate "2016.08.16"]
[EventRounds "9"]
[EventCountry "AUT"]

1.d4 Nf6 2.Nf3 e6 3.e3 c5 4.Bd3 cxd4 5.exd4 Be7 6.O-O O-O 7.c3 b6 8.Qe2 Bb7 9.Nbd2
d6 10.a4 a6 11.Re1 Re8 12.Ng5 Bf8 13.Nde4 Nbd7 14.Qc2 Nxe4 15.Nxe4 g6 16.Bg5 Qc7 17.Nf6+
Nxf6 18.Bxf6 Bg7 19.Bxg7 Kxg7 20.Be4 Bxe4 21.Qxe4 d5 22.Qd3 Rec8 23.h4 h5 24.Re5 b5
25.g3 b4 26.cxb4 Qc2 27.Qxc2 Rxc2 28.b3 Rd2 29.Rc1 Ra7 30.Rc5 Rxd4 31.b5 Rb4 32.Re3
axb5 33.Rxb5 Rxb5 34.axb5 Rb7 35.b4 Rxb5 36.Rb3 Kf6 37.Kf1 Ke5 38.Ke2 Kd4 39.Kd2 e5
40.Rd3+ Kc4 41.Rc3+ Kxb4 42.Rc7 Rb6 43.Rxf7 Kc4 44.Rc7+ Kd4 45.Rc2 e4 46.Ke2 Ke5 47.Ra2
Rc6 48.Kd2 Rf6 49.Ke2 Rb6 50.Rc2 d4 51.Rc5+ Ke6 52.Rg5 Rb2+ 53.Ke1 Rb1+ 54.Kd2 Rb2+
55.Ke1 Kf6 56.Rd5 Rb4 57.Kd2 Ra4 58.Ke2 Ra2+ 59.Ke1 d3 60.f3 Re2+ 61.Kd1 Re3 62.fxe4
Rxg3 63.Kd2 Rh3 64.Ra5 Rxh4 65.Kxd3 Rh1 66.Ke3 h4 67.Kf3 Rg1 68.Ra6+ Kg5 69.Ra5+ Kh6
70.e5 g5 71.e6 Rf1+ 72.Ke2 Rf8 73.Ke3 Kg6 74.Ke4 Rf4+ 75.Ke3 Rf1 76.Kd4 Kf6 77.Ra6
Re1 78.e7+ Kxe7 79.Rg6 h3 80.Rh6 g4 0-1

[Event "Vienna Chess Open 2016 Group A"]
[Site "Grosser Festsaal im Wiener Rathaus, 1010 Wien"]
[Date "2016.08.20"]
[Round "6"]
[Board "11"]
[White "Berescu, Alin-Mile"]
[Black "Kokol, Peter"]
[Result "0-1"]
[WhiteElo "2458"]
[BlackElo "2360"]
[PlyCount "52"]
[EventDate "2016.08.16"]
[EventRounds "9"]
[EventCountry "AUT"]

1.d4 Nf6 2.Nf3 g6 3.Nbd2 d5 4.e3 Bg7 5.b4 O-O 6.c4 b6 7.Ba3 c6 8.cxd5 Nxd5 9.Nc4 a5
10.Qb3 axb4 11.Bxb4 Nxb4 12.Qxb4 b5 13.Ncd2 Be6 14.Nb3 Bxb3 15.Qxb3 Qa5+ 16.Nd2 e5
17.d5 Rd8 18.e4 cxd5 19.exd5 Nc6 20.Qxb5 Qc3 21.Rd1 Nd4 22.Qc4 Nc2+ 23.Ke2 Nd4+ 24.Ke1
Qa5 25.Qc1 Bh6 26.Bd3 Rdc8 0-1

[Event "Vienna Chess Open 2016 Group A"]
[Site "Grosser Festsaal im Wiener Rathaus, 1010 Wien"]
[Date "2016.08.20"]
[Round "6"]
[Board "12"]
[White "Keymer, Vincent"]
[Black "Stanec, Nikolaus"]
[Result "1-0"]
[WhiteElo "2348"]
[BlackElo "2457"]
[PlyCount "85"]
[EventDate "2016.08.16"]
[EventRounds "9"]
[EventCountry "AUT"]

1.d4 d5 2.c4 e6 3.Nc3 Nf6 4.cxd5 exd5 5.Bg5 c6 6.Qc2 Be7 7.e3 Nbd7 8.Bd3 O-O 9.Nf3
Re8 10.O-O Nf8 11.Rab1 Nh5 12.Bxe7 Qxe7 13.b4 Nf6 14.Rfc1 Be6 15.b5 c5 16.dxc5 Qxc5
17.Na4 Qxc2 18.Rxc2 Rac8 19.Nc5 Re7 20.Rbc1 Rcc7 21.Nd4 g6 22.h3 Ne8 23.a4 Nd6 24.a5
Nd7 25.Nxd7 Rcxd7 26.Rc5 Kf8 27.g4 Ne8 28.Rc8 Rc7 29.R1xc7 Rxc7 30.Ra8 a6 31.bxa6
bxa6 32.Bxa6 Ke7 33.Kg2 Rc5 34.Bd3 Nc7 35.Rb8 Bd7 36.a6 Ra5 37.Rb7 Kd6 38.Rb6+ Ke7
39.Nb3 Ra3 40.Be2 Bb5 41.Bxb5 Rxb3 42.a7 Ra3 43.Ra6 1-0

[Event "Vienna Chess Open 2016 Group A"]
[Site "Grosser Festsaal im Wiener Rathaus, 1010 Wien"]
[Date "2016.08.20"]
[Round "6"]
[Board "13"]
[White "Steiner, Bruno"]
[Black "Williams, Simon"]
[Result "0-1"]
[WhiteElo "2206"]
[BlackElo "2443"]
[PlyCount "86"]
[EventDate "2016.08.16"]
[EventRounds "9"]
[EventCountry "AUT"]

1.c4 f5 2.g3 Nf6 3.Bg2 e6 4.Nf3 Be7 5.O-O O-O 6.d3 d6 7.b3 e5 8.Nc3 Qe8 9.e4 Nc6 10.exf5
Bxf5 11.h3 Qh5 12.Ng5 Qg6 13.Nd5 Nxd5 14.cxd5 Nb4 15.Ne4 Nxd5 16.Ba3 Nf6 17.g4 Bxe4
18.dxe4 h5 19.f3 c6 20.Qe2 Nh7 21.Rad1 hxg4 22.fxg4 Ng5 23.h4 Rxf1+ 24.Qxf1 Ne6 25.Bxd6
Bxd6 26.Rxd6 Qxg4 27.Qf5 Qxf5 28.exf5 Nf8 29.b4 Kf7 30.b5 Ke7 31.Rd3 Rc8 32.Rg3 Kf6
33.Ra3 cxb5 34.Rxa7 Rc7 35.a3 Kxf5 36.Ra5 Nd7 37.Bh3+ Kf4 38.Rxb5 Nc5 39.Kh2 Nd3 40.Bg2
e4 41.Rb6 Ne5 42.Rb4 Ng4+ 43.Kh3 Rc3+ 0-1

[Event "Vienna Chess Open 2016 Group A"]
[Site "Grosser Festsaal im Wiener Rathaus, 1010 Wien"]
[Date "2016.08.20"]
[Round "6"]
[Board "14"]
[White "Dedebas, Emre Emin"]
[Black "Vetoshko, Volodymyr"]
[Result "0-1"]
[WhiteElo "2248"]
[BlackElo "2438"]
[PlyCount "54"]
[EventDate "2016.08.16"]
[EventRounds "9"]
[EventCountry "AUT"]

1.d4 Nf6 2.Nf3 c5 3.d5 b5 4.a4 Bb7 5.axb5 Bxd5 6.Nc3 Bb7 7.Bg5 d5 8.Bxf6 gxf6 9.e3
f5 10.Na4 e6 11.c4 Nd7 12.cxd5 Bxd5 13.Nc3 Bb7 14.Qc2 Rg8 15.e4 Bh6 16.g3 fxe4 17.Nxe4
Nf6 18.Bd3 Rg4 19.Ra4 Nxe4 20.Bxe4 Rxe4+ 21.Rxe4 Qd5 22.Rh4 Qxf3 23.Rg1 Bg5 24.Rc4
Rd8 25.Rc3 Rd2 26.Rxf3 Rxc2 27.Rc3 Rxb2 0-1